Quick Pick: Explorers Quiz Stats

Quiz Updated Feb 18, 2016

Challenge
Share
Tweet
Embed
Score 0/15 Timer 01:30
2 Plays Today
% Correct
United States
96.2%
France
93.7%
China
93%
France
88.1%
Russia
87.2%
United Kingdom
84.5%
United Kingdom
83%
Spain
81.3%
% Correct
Norway
74.6%
Italy
69.2%
Italy
69%
Portugal
67.4%
Portugal
46.9%
New Zealand
46.2%
Iceland
39.3%

Today's Daily Dose

Missing Word
1971 Movies A-Z

Word Ladder
Complete Tour

Quick Pick
Logo Colors

On This Day
January 19th

You're not logged in!

Compare scores with friends on all Sporcle quizzes.
Sign Up with Email
OR
Log In

You Might Also Like...

Show Comments

Extras

Top Quizzes Today


Score Distribution

Your Account Isn't Verified!

In order to create a playlist on Sporcle, you need to verify the email address you used during registration. Go to your Sporcle Settings to finish the process.